000 01218nam0a2200349 4500
001 RU\NLR\bibl\510940
005 20250609142624.0
010 _a5-8071-0143-Х
_91500
021 _aRU
_b2004-10942
_9563
035 _a(NLR Aleph) 000503439
090 _a1187948
_c1187948
100 _a20040413d2003 |||y0rusy50 ca
101 0 _arus
102 _aRU
105 _aa |||||||||
200 1 _aТибетика
_eСб. ст.
_fБ.И. Кузнецов
210 _aСПб.
_cЕвразия
_d2003
215 _a332, [1] с.
_cил.
_d22
225 1 _aMagicum
320 _aБиблиогр. в примеч.: с. 295-331
607 _aТибет, район (Центральная Азия)
_xИстория
_92130706
_3RU\NLR\auth\661285471
607 _aТибет, район (Центральная Азия)
_xРелигия
_92078519
_3RU\NLR\auth\661254379
686 _aЭ35,0
686 _aЭ239(5Кит-6Т)
686 _aТ3(5Кит-6Т)
700 1 _aКузнецов
_bБ. И.
_f1931-1985
_gБронислав Иванович
_4070
801 0 _aRU
_bNLR
_c20040413
_gPSBO
801 1 _aRU
_bNLR
_c20040413
942 _cBOOK
980 _aNB